Análisis multivariante (Registro nro. 5079)
[ vista simple ]
| 000 -LEADER | |
|---|---|
| fixed length control field | 01364 a2200313 4500 |
| 001 - CONTROL NUMBER | |
| control field | 53095 |
| 005 - DATE AND TIME OF LATEST TRANSACTION | |
| control field | 20260407155804.0 |
| 008 - FIXED-LENGTH DATA ELEMENTS--GENERAL INFORMATION | |
| fixed length control field | 260407a1999 arg spa d |
| 003 - CONTROL NUMBER IDENTIFIER | |
| control field | AR-UNSa-BCEJYS |
| 040 ## - CATALOGING SOURCE | |
| Original cataloging agency | AR-UNSa-BCEJYS |
| Language of cataloging | spa |
| Transcribing agency | AR-UNSa-BCEJYS |
| 080 ## - UNIVERSAL DECIMAL CLASSIFICATION NUMBER | |
| Universal Decimal Classification number | 519.237 |
| Common auxiliary subdivision | Métodos estadísticos multivariantes |
| 020 ## - INTERNATIONAL STANDARD BOOK NUMBER | |
| International Standard Book Number | 84-8322-035-0 |
| 041 ## - LANGUAGE CODE | |
| Language code of text/sound track or separate title | spa |
| 100 1# - MAIN ENTRY--PERSONAL NAME | |
| Personal name | Hair, Joseph F. |
| 245 10 - TITLE STATEMENT | |
| Title | Análisis multivariante |
| 250 ## - EDITION STATEMENT | |
| Edition statement | 5a. ed. |
| 264 #1 - PRODUCTION, PUBLICATION, DISTRIBUTION, MANUFACTURE, AND COPYRIGHT NOTICE | |
| Place of production, publication, distribution, manufacture | Madrid : |
| Name of producer, publisher, distributor, manufacturer | Prentice Hall Iberia |
| Date of production, publication, distribution, manufacture, or copyright notice | 1999 |
| 300 ## - PHYSICAL DESCRIPTION | |
| Extent | xxiv, 799 p. |
| Dimensions | 26 cm. |
| 505 ## - FORMATTED CONTENTS NOTE | |
| Formatted contents note | 1. Introducción - 2. Análisis previo de los datos - 3. Análisis factorial - 4. Análisis de regresión múltiple - 5. Análisis discriminante múltiple y regresión logística - 6. Análisis multivariante de la varianza - 7. Análisis conjunto - 8. Análisis de correlación canónica - 9. Análisis cluster - 10. Análisis multidimensional - 11. Modelos de ecuaciones estructurales - 12. Nuevas técnicas del análisis multivariante |
| 590 ## - LOCAL NOTE (RLIN) | |
| Local note | niveau_biblio:m niveau_hierar:0 |
| 700 1# - ADDED ENTRY--PERSONAL NAME | |
| Personal name | Anderson, Rolph E. |
| 700 1# - ADDED ENTRY--PERSONAL NAME | |
| Personal name | Prentice, Esme |
| 700 1# - ADDED ENTRY--PERSONAL NAME | |
| Personal name | Tatham, Ronald L. |
| 700 1# - ADDED ENTRY--PERSONAL NAME | |
| Personal name | Cano, Diego |
| 700 1# - ADDED ENTRY--PERSONAL NAME | |
| Personal name | Black, William C. |
| 700 1# - ADDED ENTRY--PERSONAL NAME | |
| Personal name | Gómez Suárez, Mónica |
| 856 41 - ELECTRONIC LOCATION AND ACCESS | |
| Uniform Resource Identifier | <a href="https://www.biblioeco.unsa.edu.ar/pmb/images/libros/L128441.jpg">https://www.biblioeco.unsa.edu.ar/pmb/images/libros/L128441.jpg</a> |
| Link text | Imagen de portada |
| Electronic format type | image/jpeg |
| 942 ## - ADDED ENTRY ELEMENTS (KOHA) | |
| Koha item type | |
| Withdrawn status | Lost status | Damaged status | Not for loan | Home library | Current library | Shelving location | Date acquired | Total checkouts | Full call number | Barcode | Date last seen | Price effective from | Koha item type |
|---|---|---|---|---|---|---|---|---|---|---|---|---|---|
| Biblioteca Prof. Eusebio Cleto del Rey | Biblioteca Prof. Eusebio Cleto del Rey | 07/04/2026 | 519.237 H149 5ed. | L128441 | 07/04/2026 | 07/04/2026 | Libro |